BIBLIOTECA PODER JUDICIAL
Portal Judicial TDF

Masculinidades migrantes y trata. Víctimas invisibles frente al enfoque binario / (Registro nro. 5595)

000 -LEADER
fixed length control field 01348nab a22002537a 4500
003 - CONTROL NUMBER IDENTIFIER
control field OSt
005 - DATE AND TIME OF LATEST TRANSACTION
control field 20251219180356.0
008 - FIXED-LENGTH DATA ELEMENTS--GENERAL INFORMATION
fixed length control field 190429b xxu||||| |||| 00| 0 spa d
040 ## - CATALOGING SOURCE
Transcribing agency PJ
100 ## - MAIN ENTRY--PERSONAL NAME
9 (RLIN) 6574
Personal name Frezza, Ángeles Belén
245 10 - TITLE STATEMENT
Title Masculinidades migrantes y trata. Víctimas invisibles frente al enfoque binario /
Statement of responsibility, etc Ángeles Belén Frezza.
260 ## - PUBLICATION, DISTRIBUTION, ETC. (IMPRINT)
Date of publication, distribution, etc Ciudad Autónoma de Buenos Aires :
Place of publication, distribution, etc Thomson Reuters La Ley,
Name of publisher, distributor, etc 2025.
300 ## - PHYSICAL DESCRIPTION
Extent p. 26-34
500 ## - GENERAL NOTE
General note Cita: TR LALEY AR/DOC/2850/2025 .
505 ## - FORMATTED CONTENTS NOTE
Formatted contents note Sumario: I. Objetivo.— II. Introducción.— III. La víctima ideal y el enfoque jurídico de la trata.— IV. Masculinidad como obstáculo jurídico y político.— V. Trata, migración y cuerpos racializados. Entre la movilidad y el castigo.— VI. Desafíos pendientes. Hacia una justicia que no excluya.— VII. Conclusiones.
505 ## - FORMATTED CONTENTS NOTE
Title Si te interesa el texto completo, solicitalo a koha@justierradelfuego.gov.ar
650 #0 - SUBJECT ADDED ENTRY--TOPICAL TERM
9 (RLIN) 343
Topical term or geographic name as entry element DERECHO PENAL
650 #0 - SUBJECT ADDED ENTRY--TOPICAL TERM
9 (RLIN) 614
Topical term or geographic name as entry element DERECHOS HUMANOS
650 #0 - SUBJECT ADDED ENTRY--TOPICAL TERM
9 (RLIN) 2685
Topical term or geographic name as entry element DELITOS CONTRA LA LIBERTAD
650 #0 - SUBJECT ADDED ENTRY--TOPICAL TERM
9 (RLIN) 4885
Topical term or geographic name as entry element DERECHOS DE LA VÍCTIMA
650 #0 - SUBJECT ADDED ENTRY--TOPICAL TERM
9 (RLIN) 3056
Topical term or geographic name as entry element TRATA DE PERSONAS
773 0# - HOST ITEM ENTRY
Host Biblionumber 2658
Host Itemnumber 3164
Title Revista de derecho penal y criminología. Nº 11 - Diciembre 2025
Place, publisher, and date of publication Ciudad Autónoma de Buenos Aires : Thomson Reuters La Ley, 2017-
International Standard Serial Number 00347914
942 ## - ADDED ENTRY ELEMENTS (KOHA)
Source of classification or shelving scheme
Koha item type Analítica Artículo de Revista

No hay ítems disponibles.

12 de Octubre 789 Ushuaia - Tel:  54(02901)441571
Horario de Atención: 8.00 a 17.00 hs. 
bibliotecaush@justierradelfuego.gov.ar
koha@justierradelfuego.gov.ar
Seguinos en nuestras redes @bibliojustdf 

Con tecnología Koha